Tekst piosenki "Jej Portret" - Statystyki

Ogólne statystyki
  • Ten quiz został rozwiązany 29 razy
  • Średni wynik to 18 z 31
Statystyki odpowiedzi
Tekst: Brakujące Słowa: % Poprawnych
... jaka jesteś nie wie nikt Naprawdę
96%
... jaka jesteś nie wie nikt Naprawdę
96%
... jaka jesteś nie wie nikt Naprawdę
96%
Czy ... przy mnie, czy nie będziesz Będziesz
92%
Czy ... przy mnie, czy nie będziesz Będziesz
92%
Bo tego nie wiesz nawet ... Ty Sama
92%
Niedokończony, jasny ... Twój Portret
83%
Niedokończony, jasny ... Twój Portret
83%
Gdy nie po ... będzie razem iść Drodze
75%
Gdy nie po ... będzie razem iść Drodze
75%
Uniosę go ... wszędzie Ocalę
67%
Uniosę go ... wszędzie Ocalę
67%
Przez ... pójdę oglądając się wstecz Życie
67%
Przez ... pójdę oglądając się wstecz Życie
67%
Przerwany w pół ... gest Czuły
63%
W ... składam wciąż Pamięci
63%
To ... nie potrzebna wcale mi Prawda
58%
To ... nie potrzebna wcale mi Prawda
58%
... z samych serc Pasjans
54%
Gdy powiesz do mnie kiedyś: ... Wybacz
54%
Gdy powiesz do mnie kiedyś: ... Wybacz
54%
... ust, barwę słów Rysunek
33%
... ust, barwę słów Rysunek
33%
... Tobą miła Obdarowany
29%
... Tobą miła Obdarowany
29%
Uniosę Twój zapach ... Snu
25%
Uniosę Twój zapach ... Snu
25%
W ... wokół, szarych lustrach dni Tańczących
25%
Rozbłyska twój ... śmiech Złoty
25%
Talizman mój, ... nagłych Twych i rzęs Zamyśleń
21%
Talizman mój, ... nagłych Twych i rzęs Zamyśleń
21%
Nie znaleziono quizów pasujących do podanych kryteriów
Rozkład punktacji
Procent ludzi z każdym wynikiem
Percentyl według liczby udzielonych odpowiedzi
Twoja historia wyników
Nie rozwiązałeś tego quizu